| 000 | 01263cam a22003734a 4500 | ||
|---|---|---|---|
| 001 | 4552 | ||
| 003 | FISKH | ||
| 005 | 20240917151101.0 | ||
| 008 | 010413s2001 nyua j 000 0 eng | ||
| 010 | _a 2001031456 | ||
| 020 | _a0439317460 (pbk.) | ||
| 020 | _a9780439317467 | ||
| 040 |
_aDLC _cDLC _dDLC _beng |
||
| 042 |
_apcc _alcac |
||
| 050 | _aQL666.C925 | ||
| 082 | _a597.98 | ||
| 100 | 1 | _aBerger, Melvin. | |
| 245 | 1 | 0 |
_aSnap! : _ba book about alligators and crocodiles / _cby Melvin & Gilda Berger. |
| 260 |
_aNew York : _bScholastic, _c2001. |
||
| 300 |
_a38 unnumbered pages : _bcolor illustrations ; _c23 cm |
||
| 490 | 1 |
_aScholastic Reader _vLevel 3 |
|
| 505 | _aM | ||
| 520 | _aDid you know that a crocodile is usually longer, weighs more, and can outswim alligators? Learn all about these aquatic creatures--everything from where they live, what they eat, and how they survive. | ||
| 521 | 8 |
_a550
_bLexile |
|
| 521 | 8 |
_aM
_bRaz-Plus |
|
| 650 | 0 |
_aAlligators _vJuvenile literature. |
|
| 650 | 0 |
_aCrocodiles _vJuvenile literature. |
|
| 650 | 1 | _aAlligators. | |
| 650 | 1 | _aCrocodiles. | |
| 700 | 1 |
_aBerger, Gilda. _eAuthor |
|
| 906 |
_a7 _bcbc _corignew _d1 _eocip _f20 _gy-gencatlg |
||
| 942 |
_2ddc _cBK _n0 |
||
| 999 |
_c4552 _d4552 |
||